zpět

Detail výsledku týmu

Pivárna, Sloup

Datum a čas kvízu

26.5 Celkem bodů Celkový počet nahraných bodů na tomto kvízu bez doplňovacích otázek.
4. Pořadí na kvízu Konečné umístění týmu na tomto kvízu.

Zaznamenané odpovědi

# Otázka Odpověď Body Výsledky
1. Který český politik během svéh... Petr Pavel 1
2. Ve čtvrtek krátce po půlnoci s... Artemis II 0.5
3. Která česká zpěvačka a herečka... Marta Jandová 1
4. Jistá firma v pondělí oznámila... Kit Kat 1
5. Který slavný sportovec minulý... Tiger Woods 0
6. Vítězné téma facebookového hla... 1B 2D 3C 4A 1
7. Ve Formuli 1 můžeme občas zazn... A 0
8. Velká cena Monaka 1996 drží je... 3 piloti (uznáváme 2 až 4) 0
9. Tato stáj působila ve Formuli... Brawn GP 0
10. Ve kterém státě se nachází záv... v Japonsku 0